[Event "4NCL Division 1 & 2"]
[Site "Daventry, ENG"]
[Date "2022.04.30"]
[Round "7.106"]
[White "Ledger, Dave J"]
[Black "Swindells, Jonathan E"]
[Result "1-0"]
[WhiteElo "2216"]
[BlackElo "2232"]
[PlyCount "41"]
[EventDate "2022.04.30"]
[WhiteTeam "Blackthorne"]
[BlackTeam "The ADs"]

1. e4 e5 2. Nf3 Nc6 3. Bc4 Bc5 4. c3 Nf6 5. d4 exd4 6. e5 d5 7. Bb5 Ne4 8. cxd4
Bb4+ 9. Bd2 Bxd2+ 10. Nbxd2 O-O 11. O-O Bd7 12. Bd3 Nxd2 13. Qxd2 Bg4 14. Ng5
h6 15. Nh7 Re8 16. Qf4 Bd7 17. Nf6+ gxf6 18. exf6 Re4 19. Bxe4 dxe4 20. Qg3+
Kf8 21. Qg7+ 1-0

[Event "4NCL Division 1 & 2"]
[Site "Daventry, ENG"]
[Date "2022.04.30"]
[Round "7.107"]
[White "Duggan, John E"]
[Black "Ledger, Stephen C"]
[Result "1-0"]
[WhiteElo "2167"]
[BlackElo "2159"]
[PlyCount "121"]
[EventDate "2022.04.30"]
[WhiteTeam "The ADs"]
[BlackTeam "Blackthorne"]

1. d4 Nf6 2. Nf3 c5 3. d5 b5 4. Bg5 d6 5. Bxf6 exf6 6. e4 a6 7. a4 b4 8. Nbd2
g6 9. Bd3 Bg7 10. Nc4 a5 11. O-O O-O 12. Nfd2 Bb7 13. Qf3 Nd7 14. Qg3 Ne5 15.
f4 Nxc4 16. Bxc4 f5 17. c3 Qd7 18. Qd3 Bc8 19. Rfe1 fxe4 20. Nxe4 Qd8 21. Re3
Bf5 22. Bb5 Ra7 23. Rae1 Re7 24. Qd2 Bxe4 25. Rxe4 Rxe4 26. Rxe4 Qf6 27. cxb4
axb4 28. b3 Qa1+ 29. Re1 Bd4+ 30. Kf1 Qc3 31. Qxc3 bxc3 32. Ke2 Ra8 33. Kd3 Bf6
34. Re8+ Rxe8 35. Bxe8 Kf8 36. Bc6 c2 37. Kxc2 Bd8 38. Kd3 Ke7 39. Kc4 Bc7 40.
Kb5 Kd8 41. Bb7 Kd7 42. a5 Bb8 43. g4 Kc7 44. Bc6 f6 45. g5 fxg5 46. fxg5 Ba7
47. Be8 c4 48. Kxc4 Be3 49. b4 Bxg5 50. b5 Kb7 51. Kb4 Bd2+ 52. Ka4 g5 53. b6
Ka6 54. Bb5+ Kb7 55. Be2 Bf4 56. h3 Be3 57. Kb5 h6 58. a6+ Kb8 59. Kc6 Bc5 60.
a7+ Ka8 61. Ba6 1-0

[Event "4NCL Division 1 & 2"]
[Site "Daventry, ENG"]
[Date "2022.04.30"]
[Round "7.108"]
[White "Varney, Zoe"]
[Black "Wafa, Shrook"]
[Result "0-1"]
[WhiteElo "2061"]
[BlackElo "2131"]
[PlyCount "64"]
[EventDate "2022.04.30"]
[WhiteTeam "Blackthorne"]
[BlackTeam "The ADs"]

1. e4 c5 2. c3 g6 3. d4 cxd4 4. cxd4 Bg7 5. Nc3 d6 6. h3 Nf6 7. Nf3 O-O 8. Bd3
a6 9. O-O Nc6 10. Be3 b5 11. e5 dxe5 12. dxe5 Nd5 13. Be4 Nxe3 14. Qxd8 Rxd8
15. fxe3 Bd7 16. Ng5 Nxe5 17. Bxa8 Rxa8 18. Nd5 Re8 19. Rac1 h6 20. Nf3 Nxf3+
21. Rxf3 Bxb2 22. Rc7 Be6 23. Nxe7+ Kg7 24. Nc6 Bf6 25. Nb4 a5 26. Nc6 Bxa2 27.
Nxa5 Bd5 28. Rf1 Rxe3 29. Rc5 Be4 30. Rf2 Re1+ 31. Kh2 Bd4 32. Rcc2 Be5+ 0-1

[Event "4NCL Division 1 & 2"]
[Site "Daventry, ENG"]
[Date "2022.04.30"]
[Round "7.111"]
[White "Price, Gwilym"]
[Black "Pitcher, John"]
[Result "1-0"]
[WhiteElo "2207"]
[BlackElo "2288"]
[PlyCount "65"]
[EventDate "2022.04.30"]
[WhiteTeam "Guildford Castles"]
[BlackTeam "Warwickshire Select 1"]

1. e4 c5 2. Nf3 e6 3. d4 cxd4 4. Nxd4 Nc6 5. Nc3 Qc7 6. Be3 a6 7. Qf3 Nf6 8.
O-O-O Ne5 9. Qg3 b5 10. f4 Nc4 11. Bxc4 Qxc4 12. e5 Nd5 13. Nxd5 Qxd5 14. Kb1
Bb7 15. Rd2 Qe4 16. f5 h5 17. Rf1 O-O-O 18. Bg5 Bb4 19. Rdd1 Rde8 20. Qb3 Ba5
21. fxe6 fxe6 22. Rf7 Qg6 23. Rxd7 Qxg5 24. Nxb5 axb5 25. Qxb5 Qxg2 26. Qxa5
Qc6 27. R7d3 Kb8 28. Rc3 Qa6 29. Qc7+ Ka8 30. Ra3 Qxa3 31. bxa3 Bd5 32. Rd4
Rb8+ 33. Kc1 1-0

[Event "4NCL Division 1 & 2"]
[Site "Daventry, ENG"]
[Date "2022.04.30"]
[Round "7.112"]
[White "Stepanyan, Henrik"]
[Black "Emerson, Roger"]
[Result "1/2-1/2"]
[WhiteElo "2199"]
[BlackElo "2163"]
[PlyCount "75"]
[EventDate "2022.04.30"]
[WhiteTeam "Warwickshire Select 1"]
[BlackTeam "Guildford Castles"]

1. d4 Nf6 2. c4 g6 3. Nc3 Bg7 4. e4 d6 5. Nf3 O-O 6. h3 e5 7. dxe5 dxe5 8. Qxd8
Rxd8 9. Bg5 Re8 10. Nd5 Nxd5 11. cxd5 c6 12. Bc4 cxd5 13. Bxd5 Nd7 14. O-O h6
15. Be3 Nf6 16. Rfd1 Nxd5 17. exd5 Rd8 18. Rac1 b6 19. Ne1 Bb7 20. d6 Rd7 21.
Nc2 Rad8 22. Nb4 Bf8 23. Nc6 Bxc6 24. Rxc6 f6 25. h4 g5 26. hxg5 hxg5 27. a4
Kf7 28. a5 bxa5 29. Ra6 Bxd6 30. Rxa5 e4 31. Kf1 Be5 32. Rxd7+ Rxd7 33. b3 Rd1+
34. Ke2 Rb1 35. Rxa7+ Kg6 36. Rb7 Bc3 37. f3 Rb2+ 38. Kf1 1/2-1/2

[Event "4NCL Division 1 & 2"]
[Site "Daventry, ENG"]
[Date "2022.04.30"]
[Round "7.113"]
[White "Golding, James"]
[Black "Larsen, Pelle O."]
[Result "1/2-1/2"]
[WhiteElo "2084"]
[BlackElo "2136"]
[PlyCount "109"]
[EventDate "2022.04.30"]
[WhiteTeam "Guildford Castles"]
[BlackTeam "Warwickshire Select 1"]

1. d4 Nf6 2. c4 g6 3. Nc3 d5 4. e3 Bg7 5. Nf3 O-O 6. Be2 c5 7. O-O cxd4 8. exd4
Nc6 9. Be3 Bf5 10. c5 Ne4 11. Rc1 Nxc5 12. dxc5 d4 13. Nxd4 Bxd4 14. Bf3 Bxe3
15. fxe3 Qxd1 16. Rfxd1 Rac8 17. Nd5 Rfd8 18. a3 Kf8 19. b4 Ne5 20. e4 Bd7 21.
Ne3 Be6 22. Be2 Bb3 23. Rxd8+ Rxd8 24. Bc4 Bxc4 25. Nxc4 Nxc4 26. Rxc4 a6 27.
c6 b5 28. c7 Rc8 29. Rc6 Ke8 30. Rxa6 Rxc7 31. Ra5 Rc3 32. Kf2 Kd7 33. Rxb5
Rxa3 34. Rb7+ Kd6 35. h3 h5 36. h4 Rb3 37. g3 f6 38. Rb6+ Ke5 39. Rb7 Rb2+ 40.
Ke3 Rb3+ 41. Kf2 e6 42. Rg7 Kxe4 43. Rxg6 Rb2+ 44. Kg1 Kf5 45. Rh6 e5 46. Rxh5+
Kg4 47. Rh6 f5 48. Rg6+ Kf3 49. h5 Rxb4 50. h6 Rb7 51. Rg5 e4 52. Rxf5+ Kg4 53.
h7 Rxh7 54. Rf4+ Kxg3 55. Rxe4 1/2-1/2

[Event "4NCL Division 1 & 2"]
[Site "Daventry, ENG"]
[Date "2022.04.30"]
[Round "7.114"]
[White "Brooks, Phil J"]
[Black "Punnett, Alan K"]
[Result "1/2-1/2"]
[WhiteElo "2146"]
[BlackElo "2033"]
[PlyCount "76"]
[EventDate "2022.04.30"]
[WhiteTeam "Warwickshire Select 1"]
[BlackTeam "Guildford Castles"]

1. d4 Nf6 2. Nf3 d5 3. c4 dxc4 4. e3 Bg4 5. Bxc4 e6 6. h3 Bh5 7. Nc3 Nbd7 8.
O-O Bd6 9. e4 e5 10. g4 Bg6 11. dxe5 Nxe5 12. Nxe5 Bxe5 13. f4 Bd4+ 14. Kh2 h5
15. g5 Bxc3 16. bxc3 Qxd1 17. Rxd1 Nxe4 18. Ba3 Rd8 19. Bd5 Nd6 20. Re1+ Kd7
21. Bxd6 Kxd6 22. Bxb7 Rhe8 23. Bf3 Kc5 24. Kg3 Kc4 25. Rxe8 Rxe8 26. Rd1 Re3
27. Rd7 c5 28. Kf2 Rxc3 29. Bd5+ Kb4 30. Rb7+ Ka3 31. Rxa7+ Kb2 32. Bxf7 Bf5
33. Bxh5 Rxh3 34. Bf7 Rc3 35. a4 Rc2+ 36. Ke3 Rc3+ 37. Kf2 Rc2+ 38. Ke3 Rc3+
1/2-1/2

[Event "4NCL Division 1 & 2"]
[Site "Daventry, ENG"]
[Date "2022.04.30"]
[Round "7.115"]
[White "Shepley, Julien M"]
[Black "Mason, Donald J"]
[Result "0-1"]
[WhiteElo "1969"]
[BlackElo "2152"]
[PlyCount "56"]
[EventDate "2022.04.30"]
[WhiteTeam "Guildford Castles"]
[BlackTeam "Warwickshire Select 1"]

{[%evp 0,26,38,25,46,49,41,62,40,52,58,52,68,2,25,24,35,48,42,24,20,28,-62,-63,
-63,-63,-63,-181,-165]} 1. e4 c5 2. Nc3 Nc6 3. Bb5 Nd4 4. Nf3 e6 5. Bd3 g6 6.
Nxd4 cxd4 7. Ne2 Bg7 8. O-O d5 9. c3 dxe4 10. Bxe4 d3 11. Nf4 e5 12. Re1 Ne7
13. Bxd3 exf4 14. Bf1 O-O 15. d4 g5 16. b3 Nd5 17. Bb2 Bf5 18. Qd2 Nf6 19. Rad1
Qd7 20. h4 h6 21. hxg5 hxg5 22. Bd3 Rfe8 23. Qc2 Rxe1+ 24. Rxe1 Bxd3 25. Qxd3
Re8 26. Rd1 Qg4 27. f3 Qg3 28. c4 Ng4 0-1

[Event "4NCL Division 1 & 2"]
[Site "Daventry, ENG"]
[Date "2022.04.30"]
[Round "7.116"]
[White "Paterson, Andrew I"]
[Black "Stimpson, Philip M"]
[Result "1/2-1/2"]
[WhiteElo "2147"]
[BlackElo "1946"]
[PlyCount "129"]
[EventDate "2022.04.30"]
[WhiteTeam "Warwickshire Select 1"]
[BlackTeam "Guildford Castles"]

1. d4 d5 2. c4 c6 3. cxd5 cxd5 4. Nc3 e5 5. e4 dxe4 6. Bb5+ Bd7 7. dxe5 Bb4 8.
Bxd7+ Nxd7 9. Qd4 Nc5 10. Be3 Nd3+ 11. Ke2 Nf4+ 12. Kf1 Qxd4 13. Bxd4 Ne6 14.
Nge2 Nxd4 15. Nxd4 O-O-O 16. Nf5 g6 17. Nd6+ Bxd6 18. exd6 f5 19. Rc1 Kb8 20.
Ke2 Rxd6 21. Nb5 Rd7 22. Rhd1 Nf6 23. Rxd7 Nxd7 24. f3 exf3+ 25. Kxf3 Ne5+ 26.
Ke2 Rd8 27. g3 a6 28. Nc3 b5 29. a4 b4 30. Na2 b3 31. Nb4 Kb7 32. Rc3 Re8 33.
Kf1 Ng4 34. h3 Ne3+ 35. Kg1 Nd1 36. Nd5 Nxb2 37. Rc7+ Kb8 38. Rc3 Nxa4 39.
Rxb3+ Ka7 40. g4 fxg4 41. hxg4 Re4 42. Nf6 Rf4 43. Nxh7 Rxg4+ 44. Kf2 Nc5 45.
Rb1 Rb4 46. Rg1 Rb6 47. Ke3 a5 48. Nf8 a4 49. Nxg6 a3 50. Ra1 Ra6 51. Ne5 Nb3
52. Ra2 Nc1 53. Ra1 a2 54. Rxc1 a1=Q 55. Rxa1 Rxa1 56. Kd4 Kb6 57. Nc4+ Kb5 58.
Nd6+ Kb4 59. Kd5 Rd1+ 60. Ke5 Kc5 61. Ne4+ Kc6 62. Nc3 Rd8 63. Ne4 Rd3 64. Nf6
Rd1 65. Ne4 1/2-1/2

[Event "4NCL Division 1 & 2"]
[Site "Daventry, ENG"]
[Date "2022.04.30"]
[Round "7.117"]
[White "Tarling, Ray"]
[Black "Shearsby, Jude"]
[Result "1-0"]
[WhiteElo "1929"]
[BlackElo "2053"]
[PlyCount "115"]
[EventDate "2022.04.30"]
[WhiteTeam "Guildford Castles"]
[BlackTeam "Warwickshire Select 1"]

1. e4 c5 2. c3 d5 3. exd5 Qxd5 4. d4 Nc6 5. Nf3 cxd4 6. cxd4 e5 7. Nc3 Bb4 8.
Bd2 Bxc3 9. Bxc3 e4 10. Ne5 Nxe5 11. dxe5 Ne7 12. Be2 Be6 13. O-O O-O 14. Qa4
Bd7 15. Qb4 Ng6 16. Rad1 Qc6 17. Rd6 Qc7 18. Qxe4 Rae8 19. Qd4 Bc6 20. Rd1 Qe7
21. e6 fxe6 22. Rxe6 Rd8 23. Rxe7 Rxd4 24. Rxg7+ Kxg7 25. Bxd4+ Kh6 26. Bxa7
Rg8 27. g3 Rc8 28. Be3+ Kg7 29. Bd4+ Kh6 30. Rc1 Re8 31. Be3+ Kg7 32. Rc5 Rd8
33. f3 Rd7 34. Bb5 Rd1+ 35. Kf2 Ne7 36. Bxc6 Nxc6 37. Rb5 Rd7 38. a4 Kf7 39. a5
Ke6 40. Rb6 Kd5 41. a6 bxa6 42. Rxa6 Nb4 43. Ra7 Rxa7 44. Bxa7 Nd3+ 45. Ke3
Nxb2 46. Kf4 Nd3+ 47. Kf5 Ne5 48. f4 Ng6 49. Kf6 Ke4 50. Bc5 Nxf4 51. gxf4 Kxf4
52. h4 Kg4 53. Bf2 Kh5 54. Kg7 h6 55. Be1 Kg4 56. Kxh6 Kf5 57. Kg7 Kg4 58. Kg6
1-0

[Event "4NCL Division 1 & 2"]
[Site "Daventry, ENG"]
[Date "2022.04.30"]
[Round "7.118"]
[White "Page, Mark E"]
[Black "Tarling, Adam"]
[Result "1-0"]
[WhiteElo "2116"]
[BlackElo "1710"]
[PlyCount "39"]
[EventDate "2022.04.30"]
[WhiteTeam "Warwickshire Select 1"]
[BlackTeam "Guildford Castles"]

1. e4 e5 2. Nf3 Nc6 3. Bb5 a6 4. Ba4 Nf6 5. d4 exd4 6. O-O b5 7. Bb3 d6 8. Bd5
Nxd5 9. exd5 Ne5 10. Nxd4 Bb7 11. Re1 g5 12. Qh5 Bxd5 13. Nc3 Bc4 14. Bxg5 Qd7
15. f4 c5 16. fxe5 cxd4 17. exd6+ Be6 18. Nd5 Qb7 19. Rxe6+ Kd7 20. Qxf7+ 1-0

[Event "4NCL Division 1 & 2"]
[Site "Daventry, ENG"]
[Date "2022.04.30"]
[Round "7.121"]
[White "Martin, Lewis"]
[Black "Talsma, Paul"]
[Result "1-0"]
[WhiteElo "2264"]
[BlackElo "2179"]
[PlyCount "103"]
[EventDate "2022.04.30"]
[WhiteTeam "Check Inn"]
[BlackTeam "Anglian Avengers"]

1. e4 e5 2. Nf3 Nc6 3. Bb5 a6 4. Ba4 Nf6 5. O-O Nxe4 6. Re1 b5 7. Bb3 d5 8. d3
Nf6 9. Nxe5 Nxe5 10. Rxe5+ Be6 11. Bg5 c6 12. Nd2 Bd6 13. Re1 O-O 14. Qf3 Be7
15. c3 h6 16. Bh4 Qd7 17. d4 Rfe8 18. Bc2 Bg4 19. Qd3 Bh5 20. Bxf6 Bg6 21. Qg3
Bxf6 22. Bxg6 fxg6 23. Qxg6 Re6 24. Nf3 Rae8 25. Qd3 a5 26. Kf1 b4 27. Rxe6
Rxe6 28. Re1 Rxe1+ 29. Kxe1 Qg4 30. g3 Qc8 31. h4 Qh3 32. Ke2 Qg4 33. Qe3 Qf5
34. Qd3 Qg4 35. Kd2 Qc8 36. Ne1 Qb7 37. Kc2 a4 38. c4 Qe7 39. Nf3 Qe6 40. b3
Kh8 41. Kd2 a3 42. Ne1 dxc4 43. bxc4 c5 44. Nc2 Bxd4 45. Nxd4 cxd4 46. Qxd4 Qf5
47. Kc1 Qf3 48. Kc2 Qe2+ 49. Kb3 Qe1 50. Qd8+ Kh7 51. Qd3+ Kh8 52. Qc2 1-0

[Event "4NCL Division 1 & 2"]
[Site "Daventry, ENG"]
[Date "2022.04.30"]
[Round "7.122"]
[White "Lewis, Andrew P"]
[Black "Onslow, Alfie"]
[Result "0-1"]
[WhiteElo "2255"]
[BlackElo "2265"]
[PlyCount "72"]
[EventDate "2022.04.30"]
[WhiteTeam "Anglian Avengers"]
[BlackTeam "Check Inn"]

1. c4 e5 2. Nc3 Nf6 3. Nf3 Nc6 4. e3 d5 5. cxd5 Nxd5 6. Bb5 Nxc3 7. bxc3 e4 8.
Nd4 Bd7 9. Nxc6 bxc6 10. Bc4 Qg5 11. Kf1 Bd6 12. Qc2 Qg6 13. d3 Bf5 14. d4 O-O
15. h3 h5 16. Qa4 Be6 17. g3 h4 18. g4 Kh8 19. Rg1 f5 20. Bxe6 Qxe6 21. Qxc6
fxg4 22. Rxg4 Rxf2+ 23. Ke1 Raf8 24. Rxh4+ Kg8 25. Qxe4 Qxe4 26. Rxe4 Bg3 27.
Rg4 Rxa2+ 28. Rxg3 Rxa1 29. Rg5 Rxc1+ 30. Kd2 Ra1 31. Rc5 Rf7 32. Kd3 Rh1 33.
e4 Rxh3+ 34. Kc2 Re7 35. e5 g5 36. Rc6 g4 0-1

[Event "4NCL Division 1 & 2"]
[Site "Daventry, ENG"]
[Date "2022.04.30"]
[Round "7.123"]
[White "Ogunshola, Ben"]
[Black "Walker, Martin G"]
[Result "0-1"]
[WhiteElo "2236"]
[BlackElo "2245"]
[PlyCount "102"]
[EventDate "2022.04.30"]
[WhiteTeam "Check Inn"]
[BlackTeam "Anglian Avengers"]

1. c4 Nf6 2. g3 e5 3. Nc3 Nc6 4. Bg2 Bc5 5. Nf3 O-O 6. O-O d6 7. d3 h6 8. e4
Be6 9. Bd2 Nd4 10. Nd5 Nxd5 11. Nxd4 Bxd4 12. cxd5 Bd7 13. Bc3 Bb6 14. Kh1 c6
15. dxc6 Bxc6 16. f4 Qe7 17. Qh5 f6 18. Rae1 Qf7 19. Qxf7+ Rxf7 20. h4 Rd8 21.
Kh2 Re7 22. Bf3 Bb5 23. Rd1 Rc7 24. Rfe1 Kf7 25. Rd2 a5 26. Bd1 a4 27. d4 exd4
28. Bxd4 Ba5 29. Bc3 Bxc3 30. bxc3 Rxc3 31. Rb2 Bc6 32. Rb4 Ra3 33. Re2 Re8 34.
Rd4 f5 35. e5 dxe5 36. fxe5 Bb5 37. Rf2 Rxe5 38. g4 Bc6 39. Rdf4 Re1 40. Rxf5+
Ke6 41. Bf3 Bxf3 42. R5xf3 Rxf3 43. Rxf3 Re2+ 44. Kg3 Rxa2 45. Re3+ Kd5 46. Re7
Rb2 47. Rxg7 a3 48. Rg8 Rb6 49. Rd8+ Kc4 50. Rd1 a2 51. Ra1 Kb3 0-1

[Event "4NCL Division 1 & 2"]
[Site "Daventry, ENG"]
[Date "2022.04.30"]
[Round "7.124"]
[White "Maycock Bates, David Henry"]
[Black "Richmond, Jane"]
[Result "1-0"]
[WhiteElo "2183"]
[BlackElo "2200"]
[PlyCount "67"]
[EventDate "2022.04.30"]
[WhiteTeam "Anglian Avengers"]
[BlackTeam "Check Inn"]

1. e4 e5 2. Nf3 Nc6 3. Bb5 Nge7 4. c3 a6 5. Ba4 d6 6. d4 Ng6 7. Nbd2 Be7 8. d5
b5 9. Bc2 Nb8 10. Nf1 c5 11. a4 Bd7 12. Ne3 Nf4 13. h4 g6 14. g3 Nh5 15. axb5
Bxb5 16. Ba4 Nd7 17. Nd2 Nb6 18. Bb3 Qc8 19. Ndc4 Nxc4 20. Bxc4 O-O 21. Qe2 Rb8
22. O-O Qd7 23. Bd2 Rb7 24. Ra2 Qh3 25. Rfa1 Nf6 26. Qf3 Rfb8 27. Bxb5 axb5 28.
Ra6 h5 29. Rxd6 Nxe4 30. Rxg6+ fxg6 31. Qxe4 Rb6 32. Ra7 Bf8 33. Qxe5 c4 34.
Qc7 1-0

[Event "4NCL Division 1 & 2"]
[Site "Daventry, ENG"]
[Date "2022.04.30"]
[Round "7.125"]
[White "Parker, Francis"]
[Black "Scott, Gordon W"]
[Result "0-1"]
[WhiteElo "2120"]
[BlackElo "2224"]
[PlyCount "34"]
[EventDate "2022.04.30"]
[WhiteTeam "Check Inn"]
[BlackTeam "Anglian Avengers"]

1. f4 d5 2. Nf3 Nf6 3. c4 d4 4. b4 Qd6 5. Bb2 Qxb4 6. Bxd4 Qxc4 7. Nc3 Qc6 8.
e3 Qd7 9. Bc4 e6 10. f5 Nc6 11. fxe6 fxe6 12. O-O Be7 13. Ne2 O-O 14. Nf4 Qd6
15. Ng5 Nxd4 16. Ngxe6 Bxe6 17. Bxe6+ Nxe6 0-1

[Event "4NCL Division 1 & 2"]
[Site "Daventry, ENG"]
[Date "2022.04.30"]
[Round "7.126"]
[White "Myall, Ivan J"]
[Black "Girdlestone, Paul C"]
[Result "0-1"]
[WhiteElo "2053"]
[BlackElo "2020"]
[PlyCount "56"]
[EventDate "2022.04.30"]
[WhiteTeam "Anglian Avengers"]
[BlackTeam "Check Inn"]

1. d4 c5 2. e4 cxd4 3. c3 e5 4. Nf3 Nc6 5. cxd4 exd4 6. Nxd4 Bc5 7. Nb3 Bb4+ 8.
Bd2 Qh4 9. Bd3 Nf6 10. Qe2 O-O 11. Nc3 Re8 12. g3 Qh3 13. O-O-O d5 14. f3 Bf5
15. Qf2 Bg6 16. Bf1 Qc8 17. a3 Bxc3 18. Bxc3 dxe4 19. Qc5 b6 20. Qg5 exf3 21.
Bd3 Re5 22. Qh4 Ne4 23. Bxe4 Rxe4 24. Qg5 Re2 25. Nd4 Nxd4 26. Rxd4 Qe8 27. Kd1
h6 28. Qg4 Qe3 0-1

[Event "4NCL Division 1 & 2"]
[Site "Daventry, ENG"]
[Date "2022.04.30"]
[Round "7.127"]
[White "Fernando, Manel"]
[Black "Pert, Nina"]
[Result "0-1"]
[WhiteElo "1603"]
[BlackElo "1835"]
[PlyCount "66"]
[EventDate "2022.04.30"]
[WhiteTeam "Check Inn"]
[BlackTeam "Anglian Avengers"]

1. d4 d5 2. Nf3 Nf6 3. Bf4 c5 4. e3 Nc6 5. c3 g6 6. Bd3 Bg7 7. Nbd2 O-O 8. h3
Re8 9. O-O Nd7 10. Bb5 Qb6 11. Bxc6 Qxc6 12. Rc1 b5 13. Re1 Bb7 14. Nb3 a5 15.
Nxc5 Nxc5 16. dxc5 e5 17. Bh2 Qxc5 18. Qd2 Qc8 19. Qe2 Bc6 20. Nd2 Bh6 21. f3
Qb7 22. Rc2 Rad8 23. Qf2 Qb6 24. f4 f6 25. Qh4 Bg7 26. fxe5 fxe5 27. Nf3 Bd7
28. Kh1 Bf5 29. Rf2 b4 30. c4 dxc4 31. Ng5 h6 32. Qxc4+ Be6 33. Nxe6 Qxe6 0-1

[Event "4NCL Division 1 & 2"]
[Site "Daventry, ENG"]
[Date "2022.04.30"]
[Round "7.131"]
[White "Claridge-Hansen, William"]
[Black "Bremner, Adam"]
[Result "1-0"]
[WhiteElo "2318"]
[BlackElo "2180"]
[PlyCount "101"]
[EventDate "2022.04.30"]
[WhiteTeam "Oxford 1"]
[BlackTeam "The Sharks 2"]

1. c4 e6 2. g3 d5 3. Bg2 Nf6 4. Nf3 Be7 5. O-O O-O 6. b3 a5 7. Nc3 c6 8. Bb2 b6
9. d3 Ba6 10. e4 b5 11. Qe2 b4 12. Na4 Nbd7 13. e5 Ne8 14. Rac1 Nb6 15. Nd4 Bb7
16. c5 Nxa4 17. bxa4 Nc7 18. f4 Na6 19. Nb3 Bc8 20. g4 f5 21. exf6 Bxf6 22. g5
Bxb2 23. Qxb2 Bd7 24. Rce1 Qc7 25. Qd4 Rf7 26. Re5 Qa7 27. Bh3 Nc7 28. Bg4 Raf8
29. h4 g6 30. h5 gxh5 31. Bxh5 Rg7 32. Qe3 Kh8 33. Rf2 Qa8 34. Nd4 Qa7 35. Nf3
Na6 36. d4 Nc7 37. Nh4 Qb8 38. Bg4 Qd8 39. Rh2 Kg8 40. Ng2 Rff7 41. Rh6 Qf8 42.
Be2 Re7 43. Bg4 Ref7 44. Qg3 Re7 45. Kh2 Rg6 46. Nh4 Rxh6 47. gxh6 Kh8 48. Rg5
Rf7 49. Bh5 Be8 50. Bxf7 Bxf7 51. Qe3 1-0

[Event "4NCL Division 1 & 2"]
[Site "Daventry, ENG"]
[Date "2022.04.30"]
[Round "7.132"]
[White "Macklin, Paul"]
[Black "Zakarian, David"]
[Result "1-0"]
[WhiteElo "2359"]
[BlackElo "2308"]
[PlyCount "87"]
[EventDate "2022.04.30"]
[WhiteTeam "Manchester Manticores 1"]
[BlackTeam "Oxford 1"]

1. e4 c5 2. Nf3 Nc6 3. Bb5 g6 4. Bxc6 dxc6 5. d3 Bg7 6. h3 b6 7. O-O e5 8. a4
a5 9. Na3 Ne7 10. Nc4 f6 11. Be3 Rb8 12. c3 Be6 13. Qe2 Bxc4 14. dxc4 O-O 15.
Rfd1 Qc7 16. b4 axb4 17. cxb4 cxb4 18. c5 b5 19. Qa2+ Kh8 20. Qe6 Rbd8 21. a5
Nc8 22. a6 Rfe8 23. Qb3 Bf8 24. g4 Na7 25. Kg2 h6 26. Nh4 Kg7 27. Kh2 Rd4 28.
Rac1 Rxe4 29. Qd3 f5 30. Nxg6 Rxe3 31. Qxf5 e4+ 32. Kg2 Rd3 33. Nf4 Rxd1 34.
Rxd1 Qf7 35. Nh5+ Kg8 36. Nf6+ Kh8 37. Nxe8 Qxf5 38. gxf5 Bxc5 39. Nf6 Kg7 40.
Nxe4 Bb6 41. Rd7+ Kf8 42. f6 b3 43. Nd6 Bc5 44. Rd8# 1-0

[Event "4NCL Division 1 & 2"]
[Site "Daventry, ENG"]
[Date "2022.04.30"]
[Round "7.133"]
[White "Williams, Samuel G"]
[Black "Bin-Suhayl, Ieysaa"]
[Result "1-0"]
[WhiteElo "2241"]
[BlackElo "2309"]
[PlyCount "105"]
[EventDate "2022.04.30"]
[WhiteTeam "The Sharks 2"]
[BlackTeam "Manchester Manticores 1"]

1. d4 d5 2. c4 c6 3. Nf3 e6 4. Nc3 dxc4 5. a4 Bb4 6. Bd2 b5 7. e3 a5 8. axb5
Bxc3 9. Bxc3 cxb5 10. b3 Bb7 11. bxc4 b4 12. Bb2 Nf6 13. Bd3 O-O 14. O-O Nbd7
15. Nd2 Qc7 16. f3 Rfe8 17. Bc2 e5 18. d5 Nb6 19. Bb3 Bc8 20. f4 exf4 21. Rxf4
Rxe3 22. Qf1 Nbd7 23. Ba4 Ne5 24. Bd4 Rd3 25. Re1 Rxd2 26. Bxe5 Qb6+ 27. Kh1
Bd7 28. Bc6 Re8 29. Bxf6 Bxc6 30. dxc6 Qxc6 31. Rxe8+ Qxe8 32. Rg4 Qe2 33. Qxe2
Rxe2 34. Rxg7+ Kf8 35. h3 Re6 36. Bd4 Re4 37. Rg4 Re1+ 38. Kh2 Rc1 39. Be3 Rc2
40. Re4 f6 41. Bc5+ Kf7 42. Re7+ Kg6 43. Ra7 Rxc4 44. Rxa5 b3 45. Rb5 Rc3 46.
Bd4 Rd3 47. Bb2 f5 48. Rb6+ Kf7 49. Rf6+ Kg8 50. Rxf5 Rd2 51. Bf6 Rd6 52. Rf2
Rc6 53. Bb2 1-0

[Event "4NCL Division 1 & 2"]
[Site "Daventry, ENG"]
[Date "2022.04.30"]
[Round "7.135"]
[White "Hansen, Hans-Peter"]
[Black "Mulleady, Peter J"]
[Result "1/2-1/2"]
[WhiteElo "2163"]
[BlackElo "1985"]
[PlyCount "141"]
[EventDate "2022.04.30"]
[WhiteTeam "Oxford 1"]
[BlackTeam "Manchester Manticores 1"]

1. c4 c5 2. Nc3 Nc6 3. Nf3 g6 4. e3 Bg7 5. d4 cxd4 6. exd4 Nf6 7. d5 Nb8 8. Be2
d6 9. h3 a5 10. O-O O-O 11. Be3 Na6 12. Nd4 Bd7 13. Qd2 Re8 14. Rfd1 Nc5 15.
Bf3 a4 16. b4 axb3 17. axb3 Rxa1 18. Rxa1 e5 19. dxe6 fxe6 20. b4 e5 21. bxc5
exd4 22. Bxd4 dxc5 23. Bxc5 Bc6 24. Qxd8 Rxd8 25. Bxc6 bxc6 26. Rd1 Rxd1+ 27.
Nxd1 Ne4 28. Bb4 Bd4 29. Ne3 Kf7 30. Kf1 Ke6 31. Ke2 c5 32. Bd2 Nxd2 33. Kxd2
h5 34. Ke2 Ke5 35. Nd5 g5 36. g3 Kf5 37. f3 Bb2 38. Kd3 Bd4 39. g4+ hxg4 40.
hxg4+ Ke5 41. Ne7 Bg1 42. Nc6+ Kd6 43. Nd8 Ke5 44. Nc6+ Kd6 45. Na5 Ke5 46. Nb3
Kf4 47. Ke2 Be3 48. Na1 Bd4 49. Nc2 Bc3 50. Ne3 Bd4 51. Nd5+ Ke5 52. Ne7 Bg1
53. Nf5 Bh2 54. Ke3 Bg1+ 55. Kd3 Bf2 56. Ke2 Bg1 57. Kd3 Bf2 58. Ne7 Bg1 59.
Ng6+ Kf6 60. Nf8 Kf7 61. Nd7 Ke6 62. Nb6 Ke5 63. Na4 Bd4 64. Nb6 Bg1 65. Nd5
Bd4 66. Ne7 Bg1 67. Nf5 Bh2 68. Ke3 Bg1+ 69. Ke2 Bh2 70. Kf2 Bf4 71. Ke2
1/2-1/2

[Event "4NCL Division 1 & 2"]
[Site "Daventry, ENG"]
[Date "2022.04.30"]
[Round "7.136"]
[White "Newton, Robert A"]
[Black "Varnam, Liam D"]
[Result "0-1"]
[WhiteElo "1992"]
[BlackElo "2204"]
[PlyCount "62"]
[EventDate "2022.04.30"]
[WhiteTeam "Manchester Manticores 1"]
[BlackTeam "The Sharks 2"]

1. d4 d5 2. Bf4 Nc6 3. e3 f6 4. g4 e5 5. dxe5 fxe5 6. Bg3 Nf6 7. h3 Ne4 8. Ne2
Be6 9. Bg2 Nxg3 10. Nxg3 Qd7 11. Nd2 O-O-O 12. a3 g6 13. Qe2 Bg7 14. Rd1 Qf7
15. b4 h5 16. b5 Na5 17. gxh5 gxh5 18. h4 e4 19. Bh3 Bxh3 20. Rxh3 Bc3 21. Kf1
Rdf8 22. Rh2 Be5 23. Kg1 Rhg8 24. Ndf1 Nc4 25. Rg2 Rg4 26. a4 Rxh4 27. a5 Bd6
28. Rh2 Rxh2 29. Nxh2 h4 30. Qg4+ Kb8 31. Qxh4 Qxf2+ 0-1

[Event "4NCL Division 1 & 2"]
[Site "Daventry, ENG"]
[Date "2022.04.30"]
[Round "7.137"]
[White "Cole, James"]
[Black "Kueh, Audrey"]
[Result "1/2-1/2"]
[WhiteElo "2025"]
[BlackElo "2118"]
[PlyCount "79"]
[EventDate "2022.04.30"]
[WhiteTeam "Oxford 1"]
[BlackTeam "The Sharks 2"]

1. Nf3 Nf6 2. d4 d5 3. e3 Bf5 4. c4 c6 5. Nc3 a6 6. Qb3 Ra7 7. c5 Nbd7 8. Be2
e5 9. O-O Be7 10. Na4 Ne4 11. Bd2 Nxd2 12. Nxd2 Bf6 13. dxe5 Bxe5 14. Rac1 Nf6
15. Nf3 Bc7 16. Nd4 Bg6 17. Bd3 Ng4 18. h3 Ne5 19. Be2 Nd7 20. Qd1 O-O 21. Bd3
Bxd3 22. Qxd3 Re8 23. b3 Ne5 24. Qe2 Ng6 25. g3 Qf6 26. Qf3 Qe5 27. Qf5 Qe7 28.
Kg2 Raa8 29. Nc3 Qf8 30. Nce2 Re5 31. Qd3 Rae8 32. Nf3 Re4 33. Ned4 Ne5 34.
Nxe5 R8xe5 35. Nf3 Rh5 36. a3 Qc8 37. Rh1 Rh6 38. Nd2 Re7 39. Nf3 Re4 40. Nd2
1/2-1/2

[Event "4NCL Division 1 & 2"]
[Site "Daventry, ENG"]
[Date "2022.04.30"]
[Round "7.139"]
[White "Milson, Samuel A"]
[Black "Webster, Richard J"]
[Result "1-0"]
[WhiteElo "2152"]
[BlackElo "2003"]
[PlyCount "77"]
[EventDate "2022.04.30"]
[WhiteTeam "The Sharks 2"]
[BlackTeam "Manchester Manticores 1"]

1. e4 e6 2. d4 d5 3. e5 c5 4. c3 Nc6 5. Nf3 Bd7 6. Bd3 Nge7 7. h4 Rc8 8. h5
cxd4 9. O-O Qb6 10. Nbd2 f6 11. Re1 f5 12. Nb3 dxc3 13. bxc3 Ng8 14. Bxf5 Nh6
15. Bd3 Be7 16. Rb1 Qc7 17. Bxh6 gxh6 18. Qd2 Bf8 19. Qf4 Bg7 20. Qg4 O-O 21.
Nbd4 Rce8 22. c4 Nxd4 23. Nxd4 dxc4 24. Bc2 Bc6 25. Nxc6 Qxc6 26. Rbd1 Qc5 27.
Re2 Rf7 28. Rd6 Rfe7 29. Qe4 Bf8 30. Rxe6 Qc7 31. Rxe7 Rxe7 32. Re3 Rg7 33.
Qd5+ Kh8 34. Rf3 Bc5 35. Qe6 Qe7 36. Qd5 Qg5 37. Rf6 Be7 38. Re6 b5 39. g3 $138
1-0